|
|
|
|
| LEADER |
00000cam a2200000 a 4500 |
| 001 |
vtls008398814 |
| 003 |
SK-MaSNL |
| 005 |
20260302041748.0 |
| 008 |
210623s1905 xo slo |
| 015 |
|
|
|a SNBA19011918-002076
|
| 035 |
|
|
|a SK01SNKBSKFE20010091031
|
| 035 |
|
|
|a urn:nbn:sk:snk-am3iigm
|
| 035 |
|
|
|a B2AE00AC-0A98-46A6-A439-5155DFF9D6B2
|
| 035 |
|
|
|a urn:nbn:sk:snk-am00ekhu
|
| 035 |
|
|
|a SKM000093494
|
| 040 |
|
|
|a SNK
|b slo
|c SNK
|e AACR2
|
| 041 |
0 |
|
|a slo
|
| 044 |
|
|
|a xo
|c SK
|
| 072 |
|
7 |
|a 061.2
|x Nevládne organizácie a kooperácia
|2 konspekt
|
| 080 |
|
|
|a 061.2
|2 2011
|
| 080 |
|
|
|a 06.01
|2 2011
|
| 130 |
0 |
|
|a Stanovy
|9 302649
|
| 245 |
1 |
0 |
|a Stanovy Spolku sv. Adalberta (Vojtecha) v Trnave
|b na vydávanie nábožensko-mravných kníh, jako aj iných v duchu katolíckom písaných kníh a kníh pre katolícke národné školy
|
| 260 |
|
|
|a V Trnave
|b Tlačou Žigmunda Wintera
|c 1905
|
| 300 |
|
|
|a 8 s.
|c 15 cm
|
| 650 |
0 |
7 |
|a náboženské spolky
|2 SNKPH
|9 30995
|
| 651 |
|
7 |
|a Trnava (Slovensko)
|2 SNKPHgeo
|9 19407
|
| 655 |
|
7 |
|a stanovy
|2 SNKPH
|9 70547
|
| 710 |
0 |
|
|a Winter, Žigmund (firma)
|4 prt
|9 214343
|
| 752 |
|
|
|a Slovensko
|d Trnava
|
| 852 |
|
|
|a snk
|p SE 2159
|
| 958 |
|
|
|a ONDV
|
| 999 |
|
|
|c 1080112
|d 1082042
|
| 952 |
|
|
|a SNK
|b SNK
|y PREZ
|7 0
|p 17A0741431
|o snkSE 2159
|i snkKSK 125/58
|8 3
|0 0
|1 0
|4 0
|d 2018-02-08
|f 1
|l 0
|r 2026-02-24 16:23:01
|w 2026-02-24
|